| 000 | 00337nam a22001337a 4500 | ||
|---|---|---|---|
| 020 | _a9789381523728 | ||
| 082 | _a720.954 SEN | ||
| 100 | _aSen Gupta, Subhadra | ||
| 245 | _aFatehpur Sikri: Akbar's Magnificent City on a Hill | ||
| 260 |
_aNew Delhi _bNiyogi Books _c2013 |
||
| 300 | _a244 | ||
| 650 | _aArchitecture-Mughal | ||
| 942 | _cBK | ||
| 999 |
_c23119 _d23119 |
||